000
00333nam a2200145Ia 4500
100
_a
Hallmark/ C.
650
_a
Electrical Engineering
942
_c
BK
654
_a
oseillosecope
245
_a
Understanding & using the oscilloscope
260
_b
Tab. Books
_a
USA
_c
1977
082
_a
621.38
300
_a
272
546
_a
ENGLISH
999
_c
34544
_d
34544